000 00378nam a22001577a 4500
003 NUST - PNEC
005 20170116181118.0
008 151004b xxu||||| |||| 00| 0 eng d
040 _cLIBRARY
082 _a574.081 HUX
100 _913349
_aHuxley, Julian
245 _aEssays of a humanist
_cJulian Huxley
260 _c1964
650 _95935
_aBiology
942 _2ddc
_cBK
999 _c69458
_d69458